Vybrané modely v rámci analýzy podnikateľského portfólia
Matica BCG a matica GE predstavujú model, prostredníctvom ktorého podnik vykonáva analýzu podnikateľského portfólia jednotlivých strategických podnikateľských jednotiek. Optimálne podnikateľské portfólio je také, ktoré využíva silné stránky spoločnosti a tým sa pomáha presadiť na najatraktívnejšie s...
Enregistré dans:
| Auteur principal: | |
|---|---|
| Autres auteurs: | |
| Format: | Chapitre de livre |
| Langue: | slovaque |
| Sujets: | |
| Tags: |
Pas de tags, Soyez le premier à ajouter un tag!
|
MARC
| LEADER | 00000nla a2200000 4500 | ||
|---|---|---|---|
| 001 | 0167888 | ||
| 005 | 20181025065445.1 | ||
| 041 | 0 | |a slo | |
| 044 | |a SK | ||
| 245 | 1 | 0 | |a Vybrané modely v rámci analýzy podnikateľského portfólia |c Marta Dobrotková, Lucia Flajžíková |
| 520 | |a Matica BCG a matica GE predstavujú model, prostredníctvom ktorého podnik vykonáva analýzu podnikateľského portfólia jednotlivých strategických podnikateľských jednotiek. Optimálne podnikateľské portfólio je také, ktoré využíva silné stránky spoločnosti a tým sa pomáha presadiť na najatraktívnejšie sektory alebo trhy. | ||
| 610 | 2 | 0 | |a modely ekonometrické |
| 610 | 2 | 0 | |a portfólio |
| 610 | 2 | 0 | |a matice |
| 610 | 2 | 0 | |a prostredie podnikateľské |
| 100 | 1 | |a Dobrotková, Marta | |
| 700 | 1 | |a Flajžíková, Lucia | |